| 000 | 00903nam a2200241 a 4500 | ||
|---|---|---|---|
| 001 | BRCA_358 | ||
| 005 | 20190320202955.0 | ||
| 008 | 901025s1990 ja-a---##d---#001-0#jpn-d | ||
| 020 | _a4808705494 | ||
| 040 |
_aDLC-R _cDLC-R _dDLC-R |
||
| 050 | 4 |
_aN7350 _b.W23 1990 |
|
| 245 | 1 | 0 |
_aWa-Ei taish¯o Nihon bijutsu y¯ogo jiten = A dictionary of Japanese Art Terms _bBilingual [´Japanese & English´] _c[hensh¯u Was-Ei Taish¯o Nihon Bijutsu Y¯ogo Jiten Hensh¯u Iinkai]. |
| 260 |
_aTokio _bTokio _c1990 |
||
| 300 |
_aVI, 793 p. _bil. _c22 cm. |
||
| 500 | _aTexto en español, inglés y japonés | ||
| 500 | _aDonación Fundación Japón | ||
| 650 | 1 | 4 |
_aArte japonés _vDiccionarios _91194 |
| 650 | 1 | 4 |
_aArte _vDiccionarios _zJapón _91195 |
| 650 | 1 | 4 |
_aJaponés _vDiccionarios _xInglés _91196 |
| 710 | 2 |
_aWas-Ei Taish¯o Nihon Bijutsu Y¯ogo Jiten Hensh¯u Iinkai _91197 |
|
| 902 | _aDFJ | ||
| 942 |
_2lcc _cB |
||
| 999 |
_c295 _d295 |
||